[Event "Hastings Chess Congress"]
[Site "Hastings ENG"]
[Date "2005.12.28"]
[EventDate "2005.12.28"]
[Round "1"]
[Result "0-1"]
[White "Petr Marusenko"]
[Black "Vladimir Belov"]
[WhiteElo "2342"]
[BlackElo "2620"]
[PlyCount "150"]

1. e4 c6 2. Nc3 d5 3. Nf3 Bg4 4. Be2 e6 5. d4 Nf6 6. e5 Nfd7
7. Ng5 Bxe2 8. Nxe2 h6 9. Nf3 c5 10. c3 cxd4 11. cxd4 Bb4+
12. Bd2 Qb6 13. O-O Nc6 14. Be3 Be7 15. Rb1 a5 16. Nc3 O-O
17. Ne1 Qa6 18. Nd3 Nb6 19. Nf4 Nc4 20. Nh5 Nxe3 21. fxe3 Bg5
22. Rf3 Ne7 23. e4 Rad8 24. Rg3 Ng6 25. exd5 exd5 26. Qb3 Rd7
27. Rd1 Rc8 28. Nb5 a4 29. Qd3 Nh4 30. Nc3 Qg6 31. Nf4 Qxd3
32. Nxd3 Nf5 33. Nc5 Nxg3 34. hxg3 a3 35. bxa3 Rdd8 36. N3a4
Rc7 37. Kf2 Be7 38. Rb1 Ra8 39. Nb6 Rxa3 40. Nxd5 Bxc5
41. Nxc7 Bxd4+ 42. Kf1 Bxe5 43. Rxb7 Bxg3 44. Nd5 Rxa2 45. Rb3
Bd6 46. Rb6 Bc5 47. Rc6 Bd4 48. Rc4 Be5 49. Ne7+ Kh7 50. Re4
Bd6 51. Nf5 Bc5 52. g4 Rc2 53. Ra4 h5 54. Ke1 g6 55. Ng3 hxg4
56. Rxg4 Rh2 57. Nf1 Rb2 58. Rc4 Bf2+ 59. Kd1 f5 60. Nd2 Be3
61. Nf3 Rb7 62. Ke1 Re7 63. Ra4 Bd4+ 64. Kf1 Bf6 65. Ra5 Kh6
66. Kg2 Re4 67. Rd5 Kh5 68. Kg3 Be7 69. Nd4 Kg5 70. Nf3+ Kf6
71. Ra5 g5 72. Rd5 Ke6 73. Ra5 g4 74. Nd2 Rd4 75. Nf1 Rd3+ 0-1

[Event "Hastings Chess Congress"]
[Site "Hastings ENG"]
[Date "2005.12.28"]
[EventDate "2005.12.28"]
[Round "1"]
[Result "1-0"]
[White "Sergey Erenburg"]
[Black "Adam G Ashton"]
[WhiteElo "2582"]
[BlackElo "2331"]
[PlyCount "143"]

1. e4 e5 2. Nf3 Nc6 3. Bb5 a6 4. Ba4 Nf6 5. O-O Be7 6. Re1 b5
7. Bb3 O-O 8. a4 Bb7 9. d3 Re8 10. Nc3 b4 11. Nd5 Na5
12. Nxe7+ Qxe7 13. Ba2 d5 14. exd5 Qd6 15. Bg5 Nxd5 16. Bd2 c5
17. Ng5 Qg6 18. c3 bxc3 19. bxc3 h6 20. Ne4 Nf6 21. f3 Nxe4
22. dxe4 Red8 23. Qe2 Rac8 24. Be3 c4 25. Rab1 Qc6 26. Rb4 Ba8
27. Bb6 Rd3 28. Qc2 Qd6 29. Re2 Nb3 30. Bxb3 cxb3 31. Rxb3 Rc4
32. Kf2 Bc6 33. Bc7 Qc5+ 34. Kg3 Rdxc3 35. Rxc3 Rxc3 36. Qb2
Bxa4 37. Bd6 Qc8 38. Bxe5 Rc5 39. Rd2 Qe6 40. Bd4 Rb5 41. Qc3
Rb3 42. Qa5 Bb5 43. Qd8+ Kh7 44. Kf2 Rb1 45. g4 Rf1+ 46. Kg2
Qb3 47. Bf2 Rc1 48. Qd6 Rc2 49. Rxc2 Qxc2 50. h4 Qc6 51. Qe5
Qe6 52. Qc5 Bc6 53. Kg3 Bb5 54. Bd4 Kg8 55. Bb2 f6 56. Ba1 Qc6
57. Qe3 Qc7+ 58. e5 fxe5 59. Bxe5 Qf7 60. Qc3 Be2 61. Bd4 Bb5
62. Qc5 Qd7 63. Bc3 Bc6 64. Qe5 Qf7 65. f4 Qb7 66. Qe6+ Kh7
67. g5 hxg5 68. hxg5 Be4 69. f5 Qc7+ 70. Be5 Qb7 71. Qg6+ Kg8
72. Qe8+ 1-0

[Event "Hastings Chess Congress"]
[Site "Hastings ENG"]
[Date "2005.12.28"]
[EventDate "2005.12.28"]
[Round "1"]
[Result "0-1"]
[White "Robert Eames"]
[Black "Valery Neverov"]
[WhiteElo "2320"]
[BlackElo "2569"]
[PlyCount "46"]

1. e4 c5 2. Nf3 d6 3. d4 cxd4 4. Nxd4 Nf6 5. Nc3 a6 6. Be3 Ng4
7. Bg5 h6 8. Bh4 g5 9. Bg3 Bg7 10. Be2 Ne5 11. h4 Nbc6 12. Nf5
Bxf5 13. exf5 Nd4 14. hxg5 hxg5 15. Rxh8+ Bxh8 16. Qd2 Rc8
17. O-O-O Nxe2+ 18. Qxe2 Nc4 19. Rd3 Qa5 20. Nd5 Bxb2+ 21. Kd1
Be5 22. c3 Rc5 23. Nb4 Qa4+ 0-1

[Event "Hastings Chess Congress"]
[Site "Hastings ENG"]
[Date "2005.12.28"]
[EventDate "2005.12.28"]
[Round "1"]
[Result "0-1"]
[White "Geoffrey Makumbi"]
[Black "Alexander Khantuev"]
[WhiteElo "2195"]
[BlackElo "2302"]
[PlyCount "84"]

1. e4 c5 2. Nf3 e6 3. d4 cxd4 4. Nxd4 a6 5. c4 Nf6 6. Bd3 d6
7. O-O Be7 8. Nc3 O-O 9. Be3 b6 10. Qf3 Bb7 11. Rad1 Nbd7
12. Bb1 Qc7 13. Qe2 Rac8 14. Rc1 Rfe8 15. b3 Qb8 16. f3 Bd8
17. Qf2 Bc7 18. Qh4 Nf8 19. Bg5 Ng6 20. Qh3 d5 21. exd5 Be5
22. Nde2 exd5 23. Bxf6 Bxf6 24. cxd5 Re3 25. Kf2 Rexc3
26. Nxc3 Bd4+ 27. Ke1 Qe5+ 28. Kd1 Bxc3 29. Qf5 Rd8 30. Qxe5
Bxe5 31. Be4 Bxd5 32. Bxd5 Rxd5+ 33. Ke2 Nf4+ 34. Ke3 f5
35. g3 Rd3+ 36. Kf2 Bd4+ 37. Ke1 Re3+ 38. Kd2 Nd5 39. Rc4 Bc3+
40. Kc1 Re2 41. Rc8+ Kf7 42. Rd8 Ne3 0-1

[Event "Hastings Chess Congress"]
[Site "Hastings ENG"]
[Date "2005.12.28"]
[EventDate "2005.12.28"]
[Round "1"]
[Result "0-1"]
[White "Dag Madsen"]
[Black "Piotr Bobras"]
[WhiteElo "2301"]
[BlackElo "2563"]
[PlyCount "174"]

1. Nf3 Nf6 2. c4 g6 3. g3 Bg7 4. d4 d5 5. cxd5 Nxd5 6. Bg2 Nb6
7. O-O Nc6 8. e3 O-O 9. Nc3 Re8 10. Re1 Bd7 11. Ne4 e5 12. d5
Nb4 13. Nc5 e4 14. Nd2 Bc8 15. Ndxe4 N4xd5 16. Nd2 a5 17. Nc4
Nb4 18. Qe2 Nxc4 19. Qxc4 c6 20. a3 Nd5 21. e4 b6 22. Bg5 Ne7
23. Rad1 Qc7 24. Bf4 Qa7 25. Nd3 Be6 26. Qa4 Rad8 27. Be3 c5
28. Nf4 Bd7 29. Qc2 Nc6 30. Nd5 a4 31. Bg5 Nd4 32. Rxd4 Bxd4
33. Bxd8 Rxd8 34. e5 Bf5 35. Qc1 Kg7 36. Qg5 Re8 37. Nf6 Re6
38. Nh5+ Kf8 39. Bd5 gxh5 40. Qxf5 Rg6 41. Re4 Qe7 42. h4
Rxg3+ 43. Kf1 Rg6 44. Rf4 f6 45. exf6 Rxf6 46. Qxh5 Rxf4
47. Qh6+ Qg7 48. Qxf4+ Qf6 49. Qg3 Qf5 50. Bc4 Qb1+ 51. Kg2
Qe4+ 52. Qf3+ Qxf3+ 53. Kxf3 Bxb2 54. Bb5 h5 55. Bxa4 Bf6
56. Ke4 Kg7 57. f3 Bxh4 58. Bd7 Bf6 59. Be6 Bb2 60. a4 Kf6
61. Bd7 h4 62. Bh3 Bc1 63. Bc8 Kg5 64. Be6 Bf4 65. Bc8 Bd6
66. Be6 Be7 67. Bc8 Bf8 68. Bd7 Bg7 69. Be6 Bh8 70. f4+ Kg6
71. Kd5 Bd4 72. Bh3 Kf6 73. Bg4 Be3 74. Ke4 Bd2 75. Bh3 Bc1
76. Bg4 Bb2 77. Kd5 Bc3 78. Bh3 Bd2 79. Ke4 Ke7 80. Bg4 Kd6
81. Bh3 c4 82. Kd4 c3 83. Kd3 Kc5 84. f5 Kb4 85. Kc2 Bg5
86. f6 Bxf6 87. Bd7 Ka3 0-1

[Event "Hastings Chess Congress"]
[Site "Hastings ENG"]
[Date "2005.12.28"]
[EventDate "2005.12.28"]
[Round "1"]
[Result "1/2-1/2"]
[White "Dagur Arngrimsson"]
[Black "Yuri Kuzubov"]
[WhiteElo "2289"]
[BlackElo "2541"]
[PlyCount "59"]

1. e4 c5 2. c3 Nf6 3. e5 Nd5 4. d4 cxd4 5. Nf3 Nc6 6. cxd4 d6
7. Bc4 Nb6 8. Bb5 d5 9. O-O Bg4 10. h3 Bxf3 11. Qxf3 e6
12. Nc3 Rc8 13. Qd3 a6 14. Bxc6+ Rxc6 15. f4 Be7 16. b3 O-O
17. Bd2 Qd7 18. f5 exf5 19. Rxf5 f6 20. Raf1 Qe6 21. Qf3 Rcc8
22. Qg4 Kh8 23. Ne2 Qg8 24. Ba5 g6 25. R5f2 f5 26. Qf3 Rc6
27. Bxb6 Rxb6 28. Nf4 Rd8 29. Rc2 Rc6 30. Rxc6 1/2-1/2

[Event "Hastings Chess Congress"]
[Site "Hastings ENG"]
[Date "2005.12.28"]
[EventDate "2005.12.28"]
[Round "1"]
[Result "1-0"]
[White "Mark Hebden"]
[Black "Christopher Briscoe"]
[WhiteElo "2514"]
[BlackElo "2151"]
[PlyCount "49"]

1. d4 Nf6 2. Nf3 e6 3. c3 b6 4. Bg5 Bb7 5. Nbd2 Be7 6. e3 c5
7. Bd3 Nc6 8. O-O h6 9. Bxf6 Bxf6 10. Qe2 cxd4 11. cxd4 O-O
12. Rfc1 Re8 13. a3 Rc8 14. Ne4 d6 15. Ba6 Bxa6 16. Qxa6 Qd7
17. Nxf6+ gxf6 18. d5 Ne5 19. Nd4 exd5 20. Qe2 Nc6 21. Qb5
Nxd4 22. Qxd7 Ne2+ 23. Kf1 Nxc1 24. Qg4+ Kf8 25. Qd1 1-0

[Event "Hastings Chess Congress"]
[Site "Hastings ENG"]
[Date "2005.12.28"]
[EventDate "2005.12.28"]
[Round "1"]
[Result "1-0"]
[White "Jean-Pierre Le Roux"]
[Black "Gurpreet Pal Singh"]
[WhiteElo "2497"]
[BlackElo "2286"]
[PlyCount "63"]

1. e4 e6 2. d4 d5 3. Nc3 Bb4 4. Bd3 dxe4 5. Bxe4 Nf6 6. Bf3
O-O 7. Nge2 Nbd7 8. O-O e5 9. Ng3 Re8 10. Be3 exd4 11. Bxd4 c5
12. Bxf6 Nxf6 13. Nd5 Ba5 14. c3 Bc7 15. Qa4 Nxd5 16. Bxd5 Re7
17. Rad1 Qe8 18. Qc4 Bb6 19. Rd3 Bd7 20. Rf3 Bb5 21. Qg4 Kh8
22. Nf5 f6 23. Nxe7 Qxe7 24. Rh3 h6 25. Re3 Qd6 26. c4 Bc7
27. g3 Bd7 28. Qg6 Qf8 29. Rfe1 Be5 30. Kg2 Be8 31. Qf5 Bxb2
32. Rb3 1-0

[Event "Hastings Chess Congress"]
[Site "Hastings ENG"]
[Date "2005.12.28"]
[EventDate "2005.12.28"]
[Round "1"]
[Result "1-0"]
[White "Jack Rudd"]
[Black "James C Mansson"]
[WhiteElo "2281"]
[BlackElo "2114"]
[PlyCount "79"]

1. e4 e5 2. Nf3 Nc6 3. Bb5 a6 4. Ba4 Nf6 5. O-O Be7 6. Re1 b5
7. Bb3 d6 8. c3 O-O 9. h3 Nb8 10. d4 Nbd7 11. Nbd2 Bb7 12. Bc2
Re8 13. Nf1 Bf8 14. Ng3 g6 15. a4 c5 16. dxe5 Nxe5 17. Nxe5
Rxe5 18. Bf4 Re8 19. Qd2 Nd7 20. Rad1 Ne5 21. Qc1 Qc7 22. Nf1
Rac8 23. Ne3 b4 24. c4 Bg7 25. b3 Re6 26. Bh2 Nc6 27. Nd5 Qb8
28. f4 Nd4 29. e5 dxe5 30. fxe5 Bxd5 31. cxd5 Rxe5 32. Bxe5
Bxe5 33. Bd3 Nxb3 34. Qg5 f6 35. Qg4 Na5 36. d6 Rf8 37. Bxg6
Kh8 38. Qh5 Qa7 39. d7 c4+ 40. Kh1 1-0

[Event "Hastings Chess Congress"]
[Site "Hastings ENG"]
[Date "2005.12.28"]
[EventDate "2005.12.28"]
[Round "1"]
[Result "1-0"]
[White "Bogdan Lalic"]
[Black "David Ledger"]
[WhiteElo "2490"]
[BlackElo "2278"]
[PlyCount "93"]

1. Nf3 f5 2. d3 d6 3. e4 e5 4. Nc3 Nf6 5. exf5 Bxf5 6. d4 Nc6
7. Bb5 a6 8. Bxc6+ bxc6 9. dxe5 dxe5 10. Qxd8+ Rxd8 11. Nxe5
Bxc2 12. O-O Bc5 13. Nxc6 Ra8 14. Re1+ Kd7 15. Ne5+ Kc8
16. Be3 Bb4 17. Bd4 Kb7 18. Rac1 Bf5 19. a3 Rhd8 20. Nc6 Kxc6
21. axb4 Kb7 22. Bxf6 gxf6 23. Red1 Rxd1+ 24. Rxd1 Re8 25. f3
Kc6 26. Kf2 Rb8 27. Rd4 a5 28. b5+ Kb7 29. Rf4 Bg6 30. Rxf6
Rd8 31. Re6 Rd4 32. g4 Rb4 33. Re2 a4 34. Kg3 Rc4 35. Re3 Rb4
36. h4 Bc2 37. Re2 Bd3 38. Rd2 Bxb5 39. Nxb5 Rxb5 40. g5 c5
41. h5 c4 42. Kg4 c3 43. bxc3 a3 44. Ra2 Ra5 45. g6 h6 46. f4
Kc6 47. g7 1-0

[Event "Hastings Chess Congress"]
[Site "Hastings ENG"]
[Date "2005.12.28"]
[EventDate "2005.12.28"]
[Round "1"]
[Result "1-0"]
[White "Dimitar Karapchanski"]
[Black "Richard J Webster"]
[WhiteElo "2270"]
[BlackElo "1968"]
[PlyCount "49"]

1. c4 c5 2. Nc3 g6 3. g3 Bg7 4. Bg2 Nc6 5. e4 d6 6. d3 e6
7. Nge2 Nge7 8. O-O O-O 9. Rb1 a6 10. a4 Bd7 11. Be3 e5
12. Nd5 Nxd5 13. exd5 Nb4 14. Nc3 Rb8 15. Qd2 h6 16. Bxh6 Bxh6
17. Qxh6 Qf6 18. Qd2 Kg7 19. b3 Rh8 20. f4 Bh3 21. Ne4 Qe7
22. Bxh3 Rxh3 23. f5 f6 24. fxg6 Rbh8 25. Rxf6 1-0

[Event "Hastings Chess Congress"]
[Site "Hastings ENG"]
[Date "2005.12.28"]
[EventDate "2005.12.28"]
[Round "1"]
[Result "0-1"]
[White "Colin A McNab"]
[Black "Snorri Bergsson"]
[WhiteElo "2456"]
[BlackElo "2266"]
[PlyCount "106"]

1. c4 Nf6 2. Nf3 c6 3. Nc3 d5 4. e3 Bg4 5. Be2 e6 6. b3 Nbd7
7. Bb2 Bd6 8. h3 Bxf3 9. Bxf3 Qa5 10. a3 dxc4 11. bxc4 Ne5
12. Be2 Ng6 13. Qc2 Rd8 14. d4 Qg5 15. O-O-O Qa5 16. c5 Bb8
17. f4 Ne7 18. Bf3 Nfd5 19. Nxd5 cxd5 20. Rd3 O-O 21. Rc3 Rc8
22. Kb1 Qd8 23. Rc1 Nc6 24. Be2 Bc7 25. f5 e5 26. Rb3 Qg5
27. g4 Na5 28. Rc3 Nc6 29. Rd1 e4 30. Qb3 Ba5 31. Rc2 Rfd8
32. Rh1 Qh4 33. Bb5 Ne7 34. Ka2 a6 35. Bf1 Rd7 36. Bg2 Nc6
37. Rf1 Re8 38. Qa4 Qg3 39. Re2 Rb8 40. Bc1 b5 41. cxb6 Rxb6
42. Rc2 h6 43. Rff2 Rdb7 44. Rfe2 Qd6 45. Rc5 Rb5 46. Rec2
Rxc5 47. Rxc5 Rb6 48. Rxa5 Nxa5 49. Qxa5 Qc7 50. Qd2 Qc4+
51. Ka1 Rb3 52. h4 Rd3 53. Qe1 Qc2 0-1

[Event "Hastings Chess Congress"]
[Site "Hastings ENG"]
[Date "2005.12.28"]
[EventDate "2005.12.28"]
[Round "1"]
[Result "0-1"]
[White "Ian Snape"]
[Black "Simon Kim Williams"]
[WhiteElo "2258"]
[BlackElo "2452"]
[PlyCount "98"]

1. c4 f5 2. Nc3 Nf6 3. g3 e6 4. Bg2 Be7 5. d3 O-O 6. e4 fxe4
7. dxe4 Nc6 8. f4 e5 9. Nf3 exf4 10. gxf4 Ng4 11. h3 Bh4+
12. Ke2 Nh6 13. Be3 d6 14. Qd2 Kh8 15. Nd5 Bf6 16. Raf1 Re8
17. Ng5 Bxg5 18. fxg5 Ng8 19. g6 Ne5 20. Bg5 Qd7 21. gxh7 Kxh7
22. Qf4 Re6 23. Qh4+ Nh6 24. Nf6+ Rxf6 25. Rxf6 Nef7 26. Bxh6
Nxh6 27. Rf8 Qa4 28. Rhf1 Qc2+ 29. Ke3 Qxg2 30. R1f2 Qg1
31. Qd8 Qg3+ 32. Kd2 Ng8 33. R2f3 Qg2+ 34. Ke3 Qg1+ 35. Kd3
Qd1+ 36. Ke3 Qc1+ 37. Kf2 Qxb2+ 38. Kg1 Qd4+ 39. Rf2 Qxe4
40. R2f4 Qe3+ 41. Rf2 Qe1+ 42. Kh2 Qe5+ 43. Kg1 b5 44. Qxc7
Bxh3 45. R8f4 Nh6 46. R2f3 Qg5+ 47. Kf2 Qg2+ 48. Ke3 Re8+
49. Kd3 Qe2+ 0-1

[Event "Hastings Chess Congress"]
[Site "Hastings ENG"]
[Date "2005.12.28"]
[EventDate "2005.12.28"]
[Round "1"]
[Result "1-0"]
[White "Richard G Pert"]
[Black "Gudmundur Kjartansson"]
[WhiteElo "2429"]
[BlackElo "2257"]
[PlyCount "53"]

1. d4 e6 2. Nf3 Nf6 3. c4 b6 4. a3 Bb7 5. Nc3 d5 6. cxd5 Nxd5
7. Bd2 Nd7 8. Nxd5 Bxd5 9. Qc2 c5 10. e4 Bb7 11. d5 exd5
12. exd5 Bd6 13. O-O-O O-O 14. Bb5 h6 15. Bc3 Qc7 16. Qe4 Bf4+
17. Kb1 Rae8 18. Qf5 Rd8 19. Qg4 g6 20. Rhe1 h5 21. Qh4 Bh6
22. Ng5 Bg7 23. Bxg7 Kxg7 24. Re7 Kg8 25. d6 Qc8 26. Bc4 Nf6
27. Bxf7+ 1-0

[Event "Hastings Chess Congress"]
[Site "Hastings ENG"]
[Date "2005.12.28"]
[EventDate "2005.12.28"]
[Round "1"]
[Result "1-0"]
[White "Helgi Dam Ziska"]
[Black "Andrew Greet"]
[WhiteElo "2251"]
[BlackElo "2428"]
[PlyCount "49"]

1. e4 e6 2. d3 d5 3. Nd2 Nf6 4. Ngf3 b6 5. c3 c5 6. Be2 Be7
7. e5 Nfd7 8. d4 cxd4 9. cxd4 Ba6 10. Nf1 Bxe2 11. Qxe2 Nc6
12. Bd2 O-O 13. Ng3 Rc8 14. O-O Rc7 15. Rac1 Qb8 16. Nh5 Rfc8
17. Rc3 Nb4 18. a3 Rxc3 19. Bxc3 Na2 20. Bd2 Rc2 21. Rb1 g6
22. Nf4 Qc7 23. Ne1 Bxa3 24. Nxc2 Qxc2 25. Qd3 1-0

[Event "Hastings Chess Congress"]
[Site "Hastings ENG"]
[Date "2005.12.28"]
[EventDate "2005.12.28"]
[Round "1"]
[Result "0-1"]
[White "Yves Duhayon"]
[Black "Wolfram Schoen"]
[WhiteElo "2233"]
[BlackElo "2415"]
[PlyCount "64"]

1. Nf3 d6 2. d4 Nf6 3. c4 Nbd7 4. Nc3 c6 5. e4 e5 6. Be2 Be7
7. O-O O-O 8. Re1 a6 9. Rb1 b5 10. b4 Bb7 11. Bf1 Qc7 12. a3
exd4 13. Nxd4 Rfe8 14. Bb2 Bf8 15. Rc1 Qb8 16. Nb3 bxc4
17. Bxc4 Nb6 18. Bf1 c5 19. f3 cxb4 20. axb4 d5 21. Qd4 Nc4
22. Bxc4 dxc4 23. Qxc4 Bc8 24. Nd5 Nxd5 25. exd5 Bd7 26. Nc5
Bb5 27. Qd4 Qd6 28. Bc3 Rac8 29. Rxe8 Rxe8 30. Ne4 Qg6 31. Bb2
f5 32. Nc5 Re2 0-1

[Event "Hastings Chess Congress"]
[Site "Hastings ENG"]
[Date "2005.12.28"]
[EventDate "2005.12.28"]
[Round "1"]
[Result "0-1"]
[White "Takaedza Chipanga"]
[Black "Jon Viktor Gunnarsson"]
[WhiteElo "2189"]
[BlackElo "2411"]
[PlyCount "90"]

1. d4 g6 2. c4 Bg7 3. Nc3 c5 4. Nf3 Nf6 5. e4 d6 6. Be2 O-O
7. O-O Nc6 8. d5 Na5 9. Rb1 a6 10. b4 cxb4 11. Rxb4 Qc7
12. Be3 b5 13. Bd4 Nxc4 14. Bxc4 bxc4 15. Bb6 Qd7 16. Rxc4 Qb7
17. Qb1 Bd7 18. Rc7 Qb8 19. Ba5 Qxb1 20. Rxb1 Rab8 21. Rxb8
Rxb8 22. h3 Rc8 23. Ra7 Be8 24. Rxa6 Nh5 25. e5 dxe5 26. Ra7
f5 27. Rxe7 e4 28. d6 exf3 29. Rxe8+ Rxe8 30. d7 Ra8 31. Nd5
Nf4 32. Ne7+ Kf7 33. d8=Q Rxd8 34. Bxd8 Ke8 35. Nc6 Kd7
36. Bg5 Ne2+ 37. Kf1 fxg2+ 38. Kxg2 Kxc6 39. h4 Nc3 40. a3 Bf8
41. h5 Bxa3 42. hxg6 hxg6 43. f3 Nd5 44. Kh3 Be7 45. Kh4 Kd7
0-1

[Event "Hastings Chess Congress"]
[Site "Hastings ENG"]
[Date "2005.12.28"]
[EventDate "2005.12.28"]
[Round "1"]
[Result "1/2-1/2"]
[White "Francis Rayner"]
[Black "Watu Kobese"]
[WhiteElo "2212"]
[BlackElo "2400"]
[PlyCount "52"]

1. e4 e5 2. Nf3 Nc6 3. Bb5 a6 4. Bxc6 dxc6 5. O-O f6 6. d4
exd4 7. Nxd4 c5 8. Nb3 Qxd1 9. Rxd1 Bg4 10. f3 Bd7 11. Be3 b6
12. Nc3 O-O-O 13. a4 a5 14. Nb5 Bxb5 15. axb5 Rxd1+ 16. Rxd1
Ne7 17. Nd2 Ng6 18. Nc4 Be7 19. Kf2 Rd8 20. Rxd8+ Bxd8 21. f4
c6 22. bxc6 Kc7 23. Na3 Kxc6 24. c4 Ne7 25. Nb5 Nc8 26. f5 Bc7
1/2-1/2

[Event "Hastings Chess Congress"]
[Site "Hastings ENG"]
[Date "2005.12.28"]
[EventDate "2005.12.28"]
[Round "1"]
[Result "0-1"]
[White "Vladimir Prosviriakov"]
[Black "Nicholas Tavoularis"]
[WhiteElo "2387"]
[BlackElo "2211"]
[PlyCount "94"]

1. d4 f5 2. g3 Nf6 3. Bg2 g6 4. c4 Bg7 5. Nc3 d6 6. Nf3 O-O
7. O-O Qe8 8. d5 a5 9. Nd4 Na6 10. b3 Bd7 11. Bb2 g5 12. e3 f4
13. exf4 gxf4 14. Ne6 Bxe6 15. dxe6 c6 16. gxf4 Nh5 17. Kh1
Nxf4 18. Be4 Qh5 19. Bf3 Qf5 20. Rg1 Nd3 21. Qxd3 Qxd3 22. Be4
Qd2 23. Na4 Qxb2 24. Nxb2 Kh8 25. Rab1 Rxf2 26. Nd3 Rxa2
27. Rg4 Nc7 28. Nf4 Bf6 29. Rbg1 Rf8 30. Bxh7 Kxh7 31. R4g3
Bh4 32. Rg7+ Kh8 33. Rf7 Nxe6 34. Ng6+ Kg8 35. Rxf8+ Nxf8
36. Nxh4+ Kf7 37. Nf5 Ng6 38. Rf1 Ke6 39. h4 a4 40. h5 Ne5
41. Nd4+ Kd7 42. b4 Ng4 43. Nf3 a3 44. Rg1 Rf2 45. Rxg4 Rxf3
46. Kh2 Rf5 47. Rg3 Rxh5+ 0-1

[Event "Hastings Chess Congress"]
[Site "Hastings ENG"]
[Date "2005.12.28"]
[EventDate "2005.12.28"]
[Round "1"]
[Result "1-0"]
[White "Vincent Colin"]
[Black "Matthew N Anderton"]
[WhiteElo "2375"]
[BlackElo "2205"]
[PlyCount "77"]

1. c4 Nf6 2. Nc3 e5 3. g3 c6 4. d4 exd4 5. Qxd4 d5 6. cxd5
cxd5 7. Bg5 Be7 8. Bg2 Nc6 9. Qa4 Be6 10. Nf3 O-O 11. O-O h6
12. Be3 Ng4 13. Bd4 Rc8 14. Rad1 Nxd4 15. Nxd4 Rc4 16. Nxe6
fxe6 17. Qxc4 dxc4 18. Rxd8 Rxd8 19. Bxb7 Rb8 20. Ba6 Rxb2
21. Bxc4 Kf7 22. Bb3 Bf6 23. Nb5 Rxe2 24. h3 Ne5 25. Nd4 Rd2
26. Nxe6 Ke7 27. Nf4 Kd6 28. Nh5 Nf3+ 29. Kg2 Nd4 30. Nxf6
gxf6 31. Bg8 a5 32. Rb1 a4 33. Rb6+ Ke5 34. Ra6 Nc2 35. Rxa4
Ne3+ 36. Kf3 Nd1 37. Re4+ Kd6 38. Re2 Rd3+ 39. Ke4 1-0

[Event "Hastings Chess Congress"]
[Site "Hastings ENG"]
[Date "2005.12.28"]
[EventDate "2005.12.28"]
[Round "1"]
[Result "1-0"]
[White "Jovanka Houska"]
[Black "Martin P Burrows"]
[WhiteElo "2351"]
[BlackElo "2200"]
[PlyCount "75"]

1. e4 c5 2. Nf3 d6 3. d4 cxd4 4. Nxd4 Nf6 5. Bd3 Nc6 6. Nxc6
bxc6 7. c4 g6 8. b3 Bg7 9. Bb2 O-O 10. O-O Qb6 11. Nc3 a5
12. Qe2 Nd7 13. Na4 Qa7 14. Bxg7 Kxg7 15. Rfe1 Kg8 16. Rad1
Nc5 17. Nc3 Ne6 18. e5 dxe5 19. Qxe5 Bb7 20. Be2 Rad8 21. Bg4
Bc8 22. Bxe6 Bxe6 23. h3 Rde8 24. Rd4 Bc8 25. Na4 f6 26. Qc5
Qc7 27. Nb6 e5 28. Rd6 Bf5 29. Nd5 Qg7 30. Rxc6 g5 31. Qxa5 g4
32. hxg4 Bxg4 33. Re3 f5 34. Rc7 Qg5 35. Ra7 f4 36. Qc7 Qg6
37. Rxe5 Kh8 38. Nf6 1-0

[Event "Hastings Chess Congress"]
[Site "Hastings ENG"]
[Date "2005.12.28"]
[EventDate "2005.12.28"]
[Round "1"]
[Result "1/2-1/2"]
[White "Stephen Gordon"]
[Black "Gunnar Johnsen"]
[WhiteElo "2411"]
[BlackElo "2231"]
[PlyCount "87"]

1. d4 f5 2. Nc3 Nf6 3. Bg5 d5 4. Bxf6 exf6 5. e3 Be6 6. Qf3
Qd7 7. Bb5 Nc6 8. Nge2 g5 9. h3 h5 10. O-O-O O-O-O 11. Bxc6
Qxc6 12. Ng3 h4 13. Nxf5 Qd7 14. g4 hxg3 15. Nxg3 f5 16. Nge2
Be7 17. Rdg1 Rh4 18. Rg3 Rdh8 19. Rhg1 f4 20. exf4 gxf4
21. Rg7 Rf8 22. Rh1 a6 23. Ng1 Qd6 24. Rg6 Bf6 25. Qd3 Qd7
26. Qd2 Bf5 27. Rg2 Be4 28. f3 Bf5 29. Nge2 Qd6 30. Kb1 Kb8
31. Rhg1 Rxh3 32. Rg8 Rxg8 33. Rxg8+ Ka7 34. Nb5+ axb5
35. Qa5+ Qa6 36. Qxc7 Qc6 37. Qa5+ Qa6 38. Qb4 Qc6 39. Nc3 Bd7
40. Qa5+ Qa6 41. Qc7 Qc6 42. Qa5+ Qa6 43. Qc7 Qc6 44. Qa5+
1/2-1/2

[Event "Hastings Chess Congress"]
[Site "Hastings ENG"]
[Date "2005.12.29"]
[EventDate "2005.12.28"]
[Round "2"]
[Result "1-0"]
[White "Vladimir Belov"]
[Black "Jon Viktor Gunnarsson"]
[WhiteElo "2620"]
[BlackElo "2411"]
[PlyCount "109"]

1. e4 e5 2. Nf3 Nf6 3. Nc3 Bb4 4. Nxe5 O-O 5. Be2 Re8 6. Nd3
Bxc3 7. dxc3 Nxe4 8. Nf4 d6 9. O-O Nd7 10. f3 Nef6 11. Rf2 Ne5
12. c4 Ng6 13. Nxg6 hxg6 14. b3 Bd7 15. Bb2 Bc6 16. Qd2 Qe7
17. Bd3 Qe3 18. Qxe3 Rxe3 19. Bd4 Ree8 20. c5 dxc5 21. Bxc5
Rad8 22. Re2 a6 23. Rxe8+ Rxe8 24. Kf2 Rd8 25. Rd1 Rd7 26. c4
b6 27. Be3 Kf8 28. h4 Ke8 29. Bc1 Re7 30. Bb2 Re6 31. g4 Kf8
32. Be2 a5 33. a3 Re8 34. Bc3 Ra8 35. Be5 Rc8 36. b4 axb4
37. axb4 Ke7 38. Bf1 Bd7 39. Ra1 Ne8 40. Ra7 Bc6 41. b5 Ra8
42. Rxa8 Bxa8 43. Ke3 Bb7 44. Bd3 Bc8 45. Bd4 Be6 46. Bc3 Nd6
47. Kd4 Bd7 48. Kd5 Bc8 49. Bxg7 Bb7+ 50. Ke5 Bxf3 51. Kf4 Bd1
52. Kg5 f5 53. gxf5 Nxf5 54. Be5 Kd7 55. h5 1-0

[Event "Hastings Chess Congress"]
[Site "Hastings ENG"]
[Date "2005.12.29"]
[EventDate "2005.12.28"]
[Round "2"]
[Result "0-1"]
[White "Simon T Ansell"]
[Black "Sergey Erenburg"]
[WhiteElo "2383"]
[BlackElo "2582"]
[PlyCount "67"]

1. e4 c6 2. d4 d5 3. e5 Bf5 4. Nf3 e6 5. Be2 Nd7 6. Nbd2 h6
7. O-O Ne7 8. Re1 Bh7 9. b3 c5 10. Bb2 Nc6 11. c4 Nb6 12. Rc1
cxd4 13. Nxd4 Bb4 14. Nxc6 bxc6 15. a3 Be7 16. cxd5 cxd5
17. Bb5+ Nd7 18. b4 O-O 19. Nf3 a6 20. Bf1 Qb6 21. Bd4 Qb7
22. Re3 Rfc8 23. Rec3 Rxc3 24. Rxc3 Rd8 25. h4 Bf5 26. Qc1 Nb6
27. Qf4 a5 28. b5 a4 29. Bc5 Nc4 30. Bxc4 dxc4 31. Qxc4 Be4
32. Re3 Bd5 33. Qb4 Bxc5 34. Qxc5 0-1

[Event "Hastings Chess Congress"]
[Site "Hastings ENG"]
[Date "2005.12.29"]
[EventDate "2005.12.28"]
[Round "2"]
[Result "1/2-1/2"]
[White "Valery Neverov"]
[Black "Vincent Colin"]
[WhiteElo "2569"]
[BlackElo "2375"]
[PlyCount "66"]

1. d4 Nf6 2. c4 e6 3. Nf3 b6 4. g3 Ba6 5. b3 b5 6. cxb5 Bxb5
7. Bg2 Bc6 8. O-O Qc8 9. Bb2 a5 10. a3 Be7 11. Nbd2 O-O
12. Re1 Qb7 13. e4 d6 14. d5 Bd7 15. dxe6 fxe6 16. e5 Nd5
17. exd6 Bxd6 18. Nd4 Qa7 19. Nxe6 Qxf2+ 20. Kh1 Bc6 21. Re2
Ne3 22. Rxf2 Rxf2 23. Bxc6 Nxd1 24. Bxa8 Rxd2 25. Bd4 c6
26. b4 axb4 27. axb4 Nf2+ 28. Bxf2 Rxf2 29. Rd1 Be5 30. Nf4
Rc2 31. Bb7 Kf7 32. Nd3 Nd7 33. Ne1 Re2 1/2-1/2

[Event "Hastings Chess Congress"]
[Site "Hastings ENG"]
[Date "2005.12.29"]
[EventDate "2005.12.28"]
[Round "2"]
[Result "1/2-1/2"]
[White "Piotr Bobras"]
[Black "Jovanka Houska"]
[WhiteElo "2563"]
[BlackElo "2351"]
[PlyCount "33"]

1. d4 d5 2. c4 c6 3. Nc3 Nf6 4. Nf3 e6 5. Bg5 h6 6. Bh4 Be7
7. e3 O-O 8. Qc2 Nbd7 9. Rd1 b6 10. Be2 Bb7 11. O-O Rc8
12. Bg3 dxc4 13. Bxc4 b5 14. Be2 b4 15. Na4 c5 16. Nxc5 Nxc5
17. dxc5 1/2-1/2

[Event "Hastings Chess Congress"]
[Site "Hastings ENG"]
[Date "2005.12.29"]
[EventDate "2005.12.28"]
[Round "2"]
[Result "1-0"]
[White "Milos Pavlovic"]
[Black "Jack Rudd"]
[WhiteElo "2507"]
[BlackElo "2281"]
[PlyCount "63"]

1. e4 d6 2. d4 Nf6 3. Nc3 c6 4. f4 Qa5 5. e5 Ne4 6. Qf3 d5
7. Bd3 Na6 8. Nge2 Nb4 9. f5 Nxd3+ 10. cxd3 Nxc3 11. bxc3 Bd7
12. e6 fxe6 13. Qh5+ Kd8 14. fxe6 Be8 15. Qh3 h6 16. O-O Rg8
17. Bf4 g5 18. Bxg5 hxg5 19. Qh7 Rg6 20. Rxf8 Rxe6 21. Qg8 Kd7
22. Qxg5 Qa3 23. Nf4 Qxc3 24. Nxe6 Qxa1+ 25. Rf1 Qc3 26. Qe5
Bg6 27. Nc5+ Kd8 28. Re1 Be4 29. Rb1 Qc2 30. Qh8+ Kc7
31. Rxb7+ Kd6 32. Qe5+ 1-0